000 00301nam a22001337a 4500
008 171009b xxu||||| |||| 00| 0 eng d
020 _a2900072920962
041 _aeng
080 _27 ED
_a159.9
100 _a49
101 _aPSI
245 _aTHE LAST DANCE
_cDESPELDER.L.A
942 _2udc
_cBK
999 _c32443
_d32443